00525nam a22001577a 450000500170000000800400001702000150005705000210007210000240009324500580011725000270017526000540020230000430025650400220029965000460032120151105155739.0151105b ag||||| |||| 00| 0 spa d a950201730704aK 294 bC37 20061 aCarrió, Genaro R.10aNotas sobre derecho y lenguaje /cGenaro R. Carrió, aQuinta edición: 2006 aBuenos Aires, Argentina :bAbeledo-Perrot,c2006. a416 paginas, c23 X 16 centímetros,  aIncluye: Indices  72LembaFilosofía xTeoría del Derecho